000 00888nmm a2200265 a 4500
001 ocm0001411741
003 TR-IsHL
005 20201028164749.0
008 160220s2015 tu tur
007 cr cn
020 _a9786059654098
035 _a1411741
_b(N$T)
050 0 4 _aPR2795.T82
_bS6 2015
090 0 4 _aPR2795.T82
_bS6 2015
100 1 _aShakespeare, William
245 1 0 _aThales from shakespeare
_h[electronic resource] /
_cWilliam Shakespeare
260 _aİstanbul :
_bE-Kitap Projesi,
_c2015
300 _a344 p.
650 4 _aDil ve Edebiyat
650 4 _aLanguage and Literature
650 0 _aKısa hikayeler, İngiliz
650 0 _aShort stories, English
650 7 _aLITERARY COLLECTIONS / European / English, Irish, Scottish, Welsh
_2bisacsh
856 4 0 _uhttp://search.ebscohost.com/login.aspx?direct=true&scope=site&db=e011xww&AN=1411741
999 _c15699
_d15699